00421nam a2200157Ia 4500001000500000005001700005008004100022041000800063082001400071100002000085245011100105260000900216300002200225650000800247654000800255978020260306161743.0260306t2009||||xx |||||||||||||| ||spa|| aESP a425bJ72T aJones, LeoeAUT 0aNew international business english (teachers book):bcommunication skills in english for business purposes c2009 a224 páginas :c aGEN aCHU